Leyes orgánicas de los impuestos sobre la renta, exceso de utilidades y patrimonio, y decreto que las reglamenta (Registro nro. 311329)

Detalles MARC
000 -ENCABEZADO
Número de control [NR] 01533nam a22002657a 4500
005 - FECHA Y HORA DE LA ÚLTIMA TRANSACCIÓN
control field 20181206084329.0
008 - DE LONGITUD FIJA DE DATOS DE ELEMENTOS - INFORMACIÓN GENERAL
Elementos de longitud fija [NR] 130821s1936 ck fr 1 spa
040 ## - FUENTE DE CATALOGACION [NR]
Agencia de catalogación original [NR] Co-BoUCM
Idioma de catalogación [NR] spa
Quien Cataloga Sandra Yazo
Quien Clasifica Sandra Yazo
041 00 - CODIGO DE IDIOMA [R]
Código de idioma para texto/pista de sonido o título separado [R] Español
082 04 - NUMERO DE CLASIFICACION DECIMAL DEWEY [R]
Número de clasificación [R] 343.052
Número de la edición [NR] 20
092 ## - SIGNATURA TOPOGRAFICA LOCAL
Número de clasificación local E47N046
110 1# - ASIENTO PRINCIPAL--NOMBRE CORPORATIVO [NR]
Nombre corporativo o de jurisdicción como elemento de entrada [NR] Colombia
Unidad subordinada [R] Ministerio de Hacienda y Crédito Público
-- Jefatura de Rentas e Impuestos Nacionales
ID de autoridad 94852
245 10 - MENCION DE TITULO [NR]
Título [NR] Leyes orgánicas de los impuestos sobre la renta, exceso de utilidades y patrimonio, y decreto que las reglamenta
Mención de responsabilidad, etc. [NR] Jefatura de Rentas e Impuestos Nacionales
260 ## - PUBLICACION, DISTRIBUCION, ETC. (PIE DE IMPRENTA) [R]
Lugar de publicación, distribución, etc. [R] Bogotá (Colombia)
Nombre del editor, distribuidor, etc. [R] Imprenta Nacional
Fecha de publicación, distribución, etc. [R] 1936
300 ## - DESCRIPCION FISICA [R]
Extensión [R] 99 páginas
Dimensiones [R] 24 x 17 cm.
500 ## - NOTA GENERAL [R]
Nota general [NR] Detalles físicos: Encuadernación flexible, tapas de cartulina texturizada (la delantera, impresa con datos del contenido). Portada impresa en una sola tinta. Texto impreso en una sola columna, con diferentes tipos y tamaños de letra. Índice. Tapas manchadas, empiezan a desprenderse. Papel manchado
505 0# - NOTA DE CONTENIDO CON FORMATO PREESTABLECIDO [R]
Nota de contenido con formato preestablecido [NR] Ley 78, del 23 de diciembre de 1935: reforma disposiciones impuesto sobre la renta ; Ley 63 de 1936 ; Decreto Reglamentario de la Ley 78 de 1935
506 ## - NOTA DE RESTRICCIONES DE ACCESO [R]
Condiciones de acceso [NR] Consulta en sala
650 #7 - ASIENTO SECUNDARIO DE MATERIA - TERMINO TEMATICO [R]
Término temático o nombre geográfico como elemento de entrada [NR] Impuestos sobre el patrimonio
Subdivisión general [R] Legislación
Subdivisión geográfica [R] Colombia
9 (RLIN) 17246
650 #7 - ASIENTO SECUNDARIO DE MATERIA - TERMINO TEMATICO [R]
Término temático o nombre geográfico como elemento de entrada [NR] Impuestos sobre la renta
Subdivisión general [R] Legislación
Subdivisión geográfica [R] Colombia
9 (RLIN) 27721
650 #7 - ASIENTO SECUNDARIO DE MATERIA - TERMINO TEMATICO [R]
Término temático o nombre geográfico como elemento de entrada [NR] Impuestos
Subdivisión general [R] Legislación
Subdivisión geográfica [R] Colombia
9 (RLIN) 33543
650 #7 - ASIENTO SECUNDARIO DE MATERIA - TERMINO TEMATICO [R]
Término temático o nombre geográfico como elemento de entrada [NR] Jurisprudencia tributaria
Subdivisión geográfica [R] Colombia
9 (RLIN) 33544
690 ## - ASUNTO AGREGADO LOCAL DE ENTRADA - TÉRMINO TEMÁTICO (OCLC, RLIN)
Acceso temático local Derecho tributario
9 (RLIN) 12836
942 ## - ELEMENTOS DE ENTRADA AGREGADOS (KOHA)
Tipo de ítem principal el descrito en 300a Libro
Edición 1
Sistema de clasificación LOCAL
Clasificación E47N046
Existencias
Suprimido Perdido Sistema de clasificación Dañado No prestable Tipo de ítem específico Ubicación habitual Ubicación actual Localización Fecha de creación Forma de adquisición Costo Total préstamos Signatura topográfica Código de barras Última vez visto Ejemplar Price effective from Tipo de ítem
    LOCAL     Libro archivo Archivo Histórico Archivo Histórico Archivo histórico 06/12/2018 Donación 0.00   E47N046 L006749 06/12/2018 Ej.1 06/12/2018 Libro